Statistiques concernant Acteurs par role #2

Cliquez ici pour prendre le quiz!

Statistiques générales

  • Ce quiz a été pris 278 fois
  • Le résultat moyen est 8 sur 17

Statistiques - réponses

RôlesActeur ou actrice% Correct
Patron mafieux de casino, beau-père intimidant, présentateur TV assassiné en directRobert DeNiro
77%
Ballerine mentalement instable, amie d'un dieu nordique, Jackie KennedyNatalie Portman
69%
Archéologiste anglaise, méchante d'un conte de fée, assasin dont le mari est également un assassinAngélina Jolie
67%
Robot tueur, homme enceint, jumeau non identiqueArnold Schwarzenneger
67%
Emigré cubain, patron du crime italo-américain, le DiableAl Pacino
58%
Flingueur du far-west, super-héros alcoolique, seul avec son chien à New YorkWill Smith
57%
Prisonnier dans une prison du Maine, Dieu, Président des USAMorgan Freeman
56%
Danceur disco, chauffeur de taxi babysitter, truand danseur de twistJohn Travolta
52%
Psychiatre paranormal, Flic de New York dans une tour de Los Angeles, Foreur astronauteBruce Willis
49%
Gardien d'hiver d'un hôtel du Colorado, supervillain hilarant, seigneur du crime de BostonJack Nicholson
45%
Voleur de casino, psychiatre sur une station spatiale lointaine, frére de TarentinoGeorge Clooney
44%
Compteur de cartes autiste, acteur travesti, jeune diplômé des sixtiesDustin Hoffman
38%
Combattant de la prohibition à Chicago, garde du corps, ami de natifs américainsKevin Costner
26%
Agent du FBI pourchassant un tueur en série, prostitué adolescente, femme sauvage vivant dans les boisJodie Foster
25%
Magicien gris, mutant juif, la mort qui sort d'un écran de cinémaIan McKellen
24%
Copine d'un super-héros, survivante d'une apocalypse zombie, légende du tennis des années 70Emma Stone
20%
Monstrueuse tueuse, voit des démons, furieuse chauffeur de camionCharlize Theron
16%

Distribution des résultats

Percentile par nombre de réponses

% des personnes avec chaque résultat

Votre développement - résultats

Vous n’avez pas pris ce quiz